[Event "BCF-chT4S 1920 (4NCL)"]
[Site "England"]
[Date "2020.01.12"]
[Round "4.208"]
[White "Goldman, Edward"]
[Black "Jerome, David"]
[Result "1-0"]
[WhiteElo "1682"]
[BlackElo "1217"]
[PlyCount "59"]
[EventDate "2019.11.09"]
[EventType "team-swiss"]
[EventRounds "11"]
[EventCountry "ENG"]
[SourceTitle "EXT 2022"]
[Source "ChessBase"]
[SourceDate "2021.10.06"]
[SourceVersion "1"]
[SourceVersionDate "2021.10.06"]
[SourceQuality "1"]
[WhiteTeam "Celtic Tigers II"]
[BlackTeam "Wessex IV"]
[WhiteTeamCountry "ENG"]
[BlackTeamCountry "ENG"]

1. e4 e6 2. d4 d5 3. c4 Nf6 4. e5 Nfd7 5. Nc3 c6 6. a3 Be7 7. f4 0-0 8. Nf3 h6 9. Bd3 f5 10. Be3 b6 11. Qb3 c5 12. cxd5 cxd4 13. d6 Nc5 14. dxe7 Nxd3+ 15. Kf1 Nc5 16. exd8Q Nxb3 17. Qd6 Nxa1 18. Nxd4 Ba6+ 19. Kf2 Bc8 20. Rxa1 Na6 21. Nxe6 Bxe6 22. Qxe6+ Rf7 23. Rd1 Nc7 24. Qc6 Rc8 25. Rd7 Kh7 26. Rxf7 Nd5 27. Qxc8 Nxe3 28. Kxe3 a5 29. Qxf5+ Kg8 30. Rf8# 1-0